000 nam a22 a 4500
999 _c38
_d38
003 AKMAL
005 20170413123708.0
008 s2013 my ao e b 000 0 eng d
020 _a9789675068812
_qhardback
040 _aAKMAL
090 0 0 _a343.595056
_bMAL
100 1 _aLiu, Yusuf Baojun,
_eauthor.
_9129
245 1 0 _aDr Mahathir Mohamad and the Chinese Muslims :
_bHis Ideology, Passion and Wisdom for National Development And World Peace : Memory of Two Time Visit on Chinese muslims /
_cby Yusuf Liu Baojun
264 1 _aKuala Lumpur :
_bSABA ISLAMIC MEDIA,
_c2013
300 _a176 pages :
_billustrations, colour photographs ;
_c24 cm
504 _aIncludes bibliographical references
546 _aParallel text in English and Chinese
599 _aDALAM PROSES
600 0 0 _aMahathir bin Mohamad,
_d1925-
_9130
650 1 0 _aIslam and politics
_zMalaysia
_9131
651 0 _aMalaysia
_xPolitics and government
_y20th century
_9132
651 0 _aMalaysia
_xForeign relations
_zChina
_9133
651 0 _aChina
_xForeign relations
_zMalaysia
_9134
942 _2ddc
_cBOOK